[Event "AUTO-ELITE-1863"]
[Site "http://www.queenalice.com/game.php?id=1490532"]
[Date "2017.8.17"]
[Round "1"]
[White "netus"]
[Black "Seleuco"]
[Result "0-1"]
[WhiteElo "2336"]
[BlackElo "2535"]

1. e4 g6 2. d4 Bg7 3. Nf3 d6 4. Bc4 e6 5. O-O Ne7 6. Re1 a6 7. Bg5 h6 8. Be3 Nd7
9. c3 b6 10. Qc2 Bb7 11. b4 d5 12. exd5 Nxd5 13. Bc1 O-O 14. Nbd2 c5 15. bxc5
bxc5 16. Ne4 cxd4 17. cxd4 N5f6 18. Ned2 Qa5 19. Bd3 Rfc8 20. Qd1 Qc3 21. Rb1
Qxd3 22. Rxb7 a5 23. Bb2 Qa6 24. Rb3 a4 25. Rc3 Rxc3 26. Bxc3 Nd5 27. Ba1 Bf8
28. Ne5 Nxe5 29. dxe5 Bb4 30. Bb2 Rd8 31. Bc1 Qc6 32. h4 Nc3 33. Qf3 Qxf3 34.
Nxf3 Nxa2 35. Rf1 Nxc1 36. Rxc1 a3 37. Ra1 Rd3 38. Kh2 Kg7 39. h5 gxh5 40. Kg3
Rb3 41. Kf4 Rb2 42. Ke3 Bc5+ 43. Ke4 Rxf2 44. Nd4 Rxg2 45. Nb5 h4 46. Kf4 h5 47.
Rc1 a2 48. Nc3 Rg4+ 49. Kf3 Rg3+ 50. Kf4 Rxc3 51. Rxc3 a1=Q 52. Rxc5 Qd4+ 53.
Kf3 Qxc5 54. Kf4 Qd4+ 0-1

[Event "AUTO-ELITE-1863"]
[Site "http://www.queenalice.com/game.php?id=1490533"]
[Date "2017.8.17"]
[Round "1"]
[White "Seleuco"]
[Black "netus"]
[Result "1-0"]
[WhiteElo "2531"]
[BlackElo "2342"]

1. b3 e5 2. Bb2 Nc6 3. e3 Nf6 4. h3 d5 5. a3 Bd6 6. d3 O-O 7. g3 Be6 8. Bg2 Ne7
9. Nd2 c6 10. Ngf3 Ng6 11. O-O Qc7 12. e4 Rfe8 13. Re1 Rad8 14. exd5 cxd5 15.
Rc1 Bf5 16. Nh2 Bc5 17. Ng4 Bxg4 18. hxg4 Qb6 19. Qe2 e4 20. dxe4 Nxe4 21. Nxe4
dxe4 22. Kf1 e3 23. Rcd1 exf2 24. Qxe8+ Rxe8 25. Rxe8+ Nf8 26. Bf3 h6 27. Rd3
Qc7 28. Be5 Qb6 29. b4 Qb5 30. Rc8 Be7 31. Bd5 Kh7 32. c4 Qa4 33. Bxb7 a5 34.
Be4+ Ng6 35. b5 Qc2 36. Bd4 Qb1+ 37. Kxf2 Qc2+ 38. Kf1 Qb1+ 39. Kg2 Qc1 40. b6
Qc2+ 41. Bf2 Qe2 42. Bf5 Qb2 43. Re3 Qxb6 44. Rxe7 Qb2 45. Ree8 Qb7+ 46. Kf1
Qxc8 47. Rxc8 a4 48. c5 f6 49. c6 h5 50. c7 Kh6 51. Be3+ Kh7 52. Rf8 hxg4 53.
Rh8+ Kxh8 54. Bxg6 1-0

[Event "AUTO-ELITE-1791"]
[Site "http://www.queenalice.com/game.php?id=1491041"]
[Date "2017.8.21"]
[Round "2"]
[White "FabioDavid"]
[Black "netus"]
[Result "1-0"]
[WhiteElo "2537"]
[BlackElo "2348"]

1. b3 e5 2. Bb2 Nc6 3. e3 Nf6 4. Bb5 Bd6 5. Na3 e4 6. Nc4 Be7 7. Bxc6 bxc6 8.
Ne2 O-O 9. Ng3 d5 10. Ne5 Qd6 11. f3 Be6 12. O-O Rfb8 13. c4 dxc4 14. fxe4 cxb3
15. axb3 Rb5 16. d4 Bxb3 17. Qc1 Bd8 18. Rf4 c5 19. Nf5 Qb6 20. d5 Rb4 21. Nxg7
Bxd5 22. exd5 Rxf4 23. exf4 Kxg7 24. Nc6 a5 25. Rb1 Qa6 26. Qxc5 Rc8 27. Bd4 Qd3
28. Re1 Qd2 29. Bc3 Qd3 30. Nxd8 Rxd8 31. Bxf6+ Kxf6 32. Qe7+ Kg7 33. Qg5+ Qg6
34. Qxd8 Qb6+ 35. Kh1 a4 36. Qg5+ Qg6 37. Qxg6+ hxg6 38. Ra1 Kf6 39. Rxa4 Kf5
40. Ra7 Kxf4 41. Rxc7 Ke5 42. Rxf7 Kxd5 43. Rg7 Ke6 44. Rxg6+ Kf5 45. Rg3 Kf4
46. Kg1 1-0

[Event "AUTO-ELITE-1791"]
[Site "http://www.queenalice.com/game.php?id=1491042"]
[Date "2017.8.21"]
[Round "2"]
[White "netus"]
[Black "FabioDavid"]
[Result "0-1"]
[WhiteElo "2330"]
[BlackElo "2521"]

1. e4 Nc6 2. Nf3 d6 3. d4 Nf6 4. Nc3 Bg4 5. d5 Nb8 6. h3 Bxf3 7. Qxf3 Nbd7 8. g4
g6 9. Be3 Bg7 10. O-O-O c6 11. Qe2 O-O 12. f4 Qa5 13. dxc6 bxc6 14. Qa6 Qxa6 15.
Bxa6 Rfb8 16. Rd2 Ne8 17. Nd1 Nc7 18. Be2 Ne6 19. Bf3 Nb6 20. b3 a5 21. f5 Nc5
22. Bxc5 dxc5 23. Ne3 Bh6 24. Re1 a4 25. Bd1 Rd8 26. fxg6 hxg6 27. Rd3 axb3 28.
Rxd8+ Rxd8 29. axb3 c4 30. b4 c3 31. Kb1 Bxe3 32. Rxe3 Rxd1+ 33. Ka2 Nc4 34.
Rxc3 Ne5 35. Rc5 f6 36. Rc3 Re1 37. Kb2 Rxe4 38. Kb3 Kf7 39. Rc5 f5 40. gxf5
gxf5 41. Ra5 f4 42. Ra1 Re3+ 43. c3 Rxh3 44. Re1 Ke6 45. Rf1 f3 46. Kc2 Rh2+ 47.
Kb3 f2 48. c4 Ng4 49. Rc1 Ne3 50. Kc3 f1=Q 51. Rxf1 Nxf1 52. b5 cxb5 53. cxb5
Kd6 54. Kd3 Rb2 0-1

[Event "AUTO-ELITE-1791"]
[Site "http://www.queenalice.com/game.php?id=1491043"]
[Date "2017.8.21"]
[Round "2"]
[White "zaccho"]
[Black "netus"]
[Result "1-0"]
[WhiteElo "2326"]
[BlackElo "2324"]

1. e4 Nc6 2. Nf3 d6 3. d4 Nf6 4. Nc3 Bg4 5. Be3 e6 6. h3 Bh5 7. d5 exd5 8. exd5
Bxf3 9. Qxf3 Ne5 10. Qe2 a6 11. f4 Ng6 12. g4 Qe7 13. O-O-O h5 14. f5 Ne5 15. g5
Nfd7 16. Ne4 O-O-O 17. Kb1 f6 18. Bg2 fxg5 19. Nxg5 Re8 20. Ne6 Qf7 21. Qd2 Nc5
22. Qc3 Na4 23. Qb4 Nc5 24. Rhf1 b6 25. Bxc5 bxc5 26. Qa5 h4 27. Rfe1 Rxe6 28.
Qxa6+ Kd8 29. fxe6 Qf4 30. Rxe5 g6 31. Qb5 Rh7 32. Re4 Qg5 33. Ra4 Bh6 34. Qb8+
Ke7 35. Qxc7+ Kf6 36. Qxh7 c4 37. Qf7+ Ke5 38. Re1+ Kd4 39. Qa7# 1-0

[Event "AUTO-ELITE-1791"]
[Site "http://www.queenalice.com/game.php?id=1491044"]
[Date "2017.8.21"]
[Round "2"]
[White "netus"]
[Black "zaccho"]
[Result "1-0"]
[WhiteElo "2312"]
[BlackElo "2338"]

1. e4 c5 2. Nf3 d6 3. d4 cxd4 4. Nxd4 Nf6 5. Nc3 a6 6. Bg5 e6 7. f4 Be7 8. Qf3
Qc7 9. O-O-O Nbd7 10. g4 b5 11. Bxf6 Nxf6 12. a3 Rb8 13. Kb1 Nd7 14. h4 O-O 15.
Rh2 b4 16. axb4 Rxb4 17. Nb3 Bb7 18. g5 Qb6 19. Kc1 f5 20. Re2 Rf7 21. Bh3 Nf8
22. Rde1 fxe4 23. Nxe4 d5 24. Bxe6 Nxe6 25. Nf6+ Bxf6 26. Rxe6 Rxb3 27. cxb3
Qc7+ 28. Kb1 Be7 29. f5 Bf8 30. f6 d4 31. Qd3 Qf4 32. fxg7 Kxg7 33. g6 Qf5 34.
Qxf5 Rxf5 35. Re7+ Bxe7 36. Rxe7+ Kxg6 37. Rxb7 Rh5 38. Kc2 Rxh4 39. Rb6+ Kf5
40. Kd3 Rh2 41. Kxd4 h5 42. Rxa6 h4 43. b4 Kg5 44. b5 h3 45. b6 Rxb2 46. Ra3 h2
47. Rh3 Kf4 48. Kc5 1-0

[Event "AUTO-ELITE-1925"]
[Site "http://www.queenalice.com/game.php?id=1511948"]
[Date "2018.1.15"]
[Round "1"]
[White "etuz"]
[Black "netus"]
[Result "0-1"]
[WhiteElo "2262"]
[BlackElo "2323"]

1. e4 c5 2. Nf3 d6 3. d4 cxd4 4. Nxd4 Nf6 5. Nc3 a6 6. Bg5 e6 7. f4 h6 8. Bh4
Qb6 9. Qd2 Qxb2 10. Rb1 Qa3 11. Bxf6 gxf6 12. f5 Nc6 13. fxe6 fxe6 14. Be2 Qc5
15. Nxc6 bxc6 16. Na4 Qa7 17. Bh5+ Kd8 18. Nb6 Rb8 19. Qf2 Be7 20. O-O Bb7 21.
Rfd1 Bc8 22. Qd4 Rf8 23. h3 e5 24. Qc5 Qc7 25. Bg4 Bxg4 26. hxg4 d5 27. Qa5 Ke8
28. Rb3 Rg8 29. exd5 Rxg4 30. c4 Qd6 31. Rdb1 Kf7 32. Qd2 Qc5+ 33. Qf2 Rbg8 34.
g3 Rxg3+ 35. Rxg3 Rxg3+ 36. Kf1 Qa3 37. Qe2 Bc5 38. dxc6 Rg1# 0-1

[Event "AUTO-ELITE-1925"]
[Site "http://www.queenalice.com/game.php?id=1511949"]
[Date "2018.1.15"]
[Round "1"]
[White "netus"]
[Black "etuz"]
[Result "1-0"]
[WhiteElo "2313"]
[BlackElo "2258"]

1. e4 e5 2. Nf3 d6 3. d4 exd4 4. Nxd4 Nf6 5. Nc3 Be7 6. Be2 O-O 7. O-O Re8 8. f4
c5 9. Nf3 Nc6 10. Bc4 Be6 11. Bxe6 fxe6 12. Ng5 Bf8 13. Re1 h6 14. Nf3 Qb6 15.
Kh1 Rad8 16. Qd3 Ng4 17. Qe2 d5 18. e5 h5 19. Nd1 c4 20. c3 Bc5 21. Ng5 Ne7 22.
Ne3 Rf8 23. Nxg4 hxg4 24. Qxg4 Bf2 25. Qh3 Rfe8 26. b3 Ng6 27. Qh7+ Kf8 28. Ba3+
Bc5 29. Qxg6 Rd7 30. Bxc5+ Qxc5 31. f5 Rc7 32. f6 gxf6 33. exf6 cxb3 34. f7 b2
35. fxe8=Q# 1-0

[Event "AUTO-ELITE-1925"]
[Site "http://www.queenalice.com/game.php?id=1511952"]
[Date "2018.1.15"]
[Round "1"]
[White "shogun"]
[Black "netus"]
[Result "1-0"]
[WhiteElo "2532"]
[BlackElo "2319"]

1. e4 c5 2. Nf3 d6 3. c3 Nf6 4. Bc4 Nxe4 5. Qa4+ Nc6 6. Bxf7+ Kxf7 7. Qxe4 g6 8.
Ng5+ Kf6 9. d4 Bf5 10. Qd5 e6 11. Qf3 cxd4 12. g4 Ne5 13. Qxb7 Bxg4 14. Ne4+ Kf5
15. Nbd2 d5 16. f3 Bxf3 17. O-O Rb8 18. Nxf3 Rxb7 19. Ng3+ Kf6 20. Bg5+ Kg7 21.
Bxd8 Nf7 22. Ba5 d3 23. c4 Bc5+ 24. Kh1 Bb4 25. Bxb4 Rxb4 26. cxd5 exd5 27. b3
Re8 28. Rae1 Rbb8 29. Rxe8 Rxe8 30. Rd1 Ne5 31. Nxe5 Rxe5 32. Rxd3 h6 33. Rd4
Kh7 34. Ra4 Re7 35. Kg2 h5 36. Kf2 Kg7 37. Ne2 Rd7 38. Nd4 g5 39. Nc6 Rf7+ 40.
Ke2 Kf8 41. Rxa7 Rf4 42. Ra4 Rf6 43. Nd4 g4 44. Ra5 Rd6 45. Nf5 Rd7 46. Kd3 Kf7
47. Ra6 Rc7 48. Kd2 Rd7 49. Rh6 Rd8 50. a4 Rf8 51. Nd4 Ra8 52. Rxh5 Ra6 53. Rxd5
Rg6 54. Rd7+ Kg8 55. b4 Rh6 56. Rg7+ Kf8 57. Rxg4 Rxh2+ 58. Kc3 Kf7 59. b5 Ra2
60. Nc2 Ke6 61. Kb3 1-0

[Event "AUTO-ELITE-1925"]
[Site "http://www.queenalice.com/game.php?id=1511953"]
[Date "2018.1.15"]
[Round "1"]
[White "netus"]
[Black "shogun"]
[Result "0-1"]
[WhiteElo "2325"]
[BlackElo "2526"]

1. e4 Nc6 2. Nf3 Nf6 3. e5 Nd5 4. d4 d6 5. c4 Nb6 6. e6 fxe6 7. Be3 e5 8. d5 e4
9. Ng5 Ne5 10. Nxe4 e6 11. Nbc3 exd5 12. cxd5 Be7 13. f4 Ned7 14. Bd3 O-O 15. a4
Nf6 16. O-O Nfxd5 17. Bc4 c6 18. Bxb6 Qxb6+ 19. Rf2 Be6 20. a5 Qc7 21. Bxd5 cxd5
22. Nxd5 Bxd5 23. Qxd5+ Kh8 24. Rd1 Rab8 25. Rf3 b6 26. Rc3 Qd8 27. f5 bxa5 28.
Rc2 Qb6+ 29. Kh1 Qb4 30. Rc4 Qxb2 31. Ng3 Qa2 32. Qd3 Bf6 33. Rdc1 a4 34. Nf1
Qb3 35. Qd5 a3 36. Nd2 Qb5 37. Qxb5 Rxb5 38. h4 Rb2 39. Rd1 a2 40. Ra4 Bc3 41.
Ra1 Rxd2 42. R1xa2 Rxa2 43. Rxa2 a5 44. Rf2 Rb8 45. Kh2 Be5+ 46. g3 Rb2 47. Kg2
a4 48. Kf3 Rxf2+ 49. Kxf2 a3 50. h5 a2 51. Kf3 a1=Q 52. g4 d5 53. Kf2 Qd1 0-1

[Event "AUTO-ELITE-1992"]
[Site "http://www.queenalice.com/game.php?id=1530854"]
[Date "2018.6.12"]
[Round "1"]
[White "eget"]
[Black "netus"]
[Result "1-0"]
[WhiteElo "2405"]
[BlackElo "2323"]

1. e4 e5 2. Nf3 Nf6 3. Nxe5 d6 4. Nf3 Nxe4 5. Nc3 Nf6 6. d4 d5 7. Bb5+ Bd7 8.
O-O Be7 9. Bg5 Bxb5 10. Nxb5 O-O 11. Nc3 Nc6 12. Re1 h6 13. Bxf6 Bxf6 14. Qd3
Qd6 15. Re2 Rfe8 16. Rae1 Rxe2 17. Rxe2 Rd8 18. a3 g6 19. Qd2 Kg7 20. Re1 Na5
21. b3 a6 22. Na4 b6 23. Qc3 c5 24. Rd1 Nb7 25. dxc5 Nxc5 26. Qb4 Nxa4 27. Qxa4
b5 28. Qa5 Rc8 29. c4 bxc4 30. Rxd5 Qxd5 31. Qxd5 cxb3 32. Kf1 b2 33. Nd2 Rc2
34. Qa2 Rxd2 35. Qb3 Bd4 36. Ke1 Rxf2 37. a4 Rxg2 38. Kd1 Be5 39. h4 Rg1+ 40.
Kc2 Rc1+ 41. Kd3 1-0

[Event "AUTO-ELITE-1992"]
[Site "http://www.queenalice.com/game.php?id=1530855"]
[Date "2018.6.12"]
[Round "1"]
[White "netus"]
[Black "eget"]
[Result "0-1"]
[WhiteElo "2333"]
[BlackElo "2397"]

1. e4 e5 2. Bc4 Nc6 3. Nf3 Bc5 4. d3 Nf6 5. O-O O-O 6. Bb3 d5 7. exd5 Nxd5 8.
Bg5 f6 9. Nc3 Be6 10. Be3 Bxe3 11. fxe3 Qd7 12. Nxd5 Bxd5 13. Nd2 a5 14. Ba4
Rfd8 15. Qe2 Qe8 16. Qg4 Kh8 17. a3 Rd6 18. Ne4 Bxe4 19. Qxe4 g6 20. Qc4 Qe6 21.
Qb5 b6 22. c3 Ne7 23. Bb3 Qc8 24. d4 Qg4 25. Rae1 Qe4 26. a4 Nf5 27. Bd1 Nh4 28.
Qe2 Re8 29. Bc2 Qc6 30. Qg4 g5 31. Re2 exd4 32. cxd4 Re7 33. Qh5 Rde6 34. g3
Rxe3 35. Qh6 Qe6 36. Rxf6 Qg8 37. Rxe3 Rg7 38. gxh4 gxh4+ 39. Kf1 Qc4+ 40. Re2
Qxd4 0-1

[Event "AUTO-ELITE-1992"]
[Site "http://www.queenalice.com/game.php?id=1530860"]
[Date "2018.6.12"]
[Round "1"]
[White "hepre"]
[Black "netus"]
[Result "0-1"]
[WhiteElo "2249"]
[BlackElo "2299"]

1. e4 c5 2. Nf3 Nc6 3. Bb5 g6 4. O-O Bg7 5. Re1 e5 6. Bxc6 dxc6 7. d3 Qe7 8. a3
Bg4 9. Be3 Nf6 10. Nbd2 Nh5 11. h3 Be6 12. b4 cxb4 13. axb4 Qxb4 14. Ng5 Nf4 15.
Nxe6 Nxe6 16. Qb1 Qxb1 17. Rexb1 b5 18. Ra6 Kd7 19. Rba1 Rhc8 20. Rxa7+ Rxa7 21.
Rxa7+ Rc7 22. Ra2 Bf8 23. Kf1 Bc5 24. Bxc5 Nxc5 25. Ke2 Kd6 26. Ke3 Re7 27. f4
exf4+ 28. Kxf4 f5 29. Ra8 fxe4 30. dxe4 Re6 31. h4 Rf6+ 32. Ke3 Re6 33. Rd8+ Kc7
34. Rd4 Re8 35. Nf3 Ra8 36. e5 Ra2 37. Rd2 Ra3+ 38. Ke2 Ra4 39. Nd4 Ra8 40. Ke3
Ra3+ 41. Kf4 Ra1 42. Re2 Rd1 43. Nf3 Ne6+ 44. Ke4 Rb1 45. Rd2 Rb4+ 46. Ke3 Rc4
47. Kf2 Nc5 48. Kf1 Kb6 49. Ke2 Rg4 50. Ke3 Re4+ 51. Kf2 Rc4 52. Re2 Kc7 53. Ke1
Ne6 54. Rd2 Kb6 55. Kf2 Nc5 56. Re2 Ne6 57. Rd2 Nc5 58. Ng5 Ne4+ 59. Nxe4 Rxe4
60. Kf3 Rxe5 61. g3 Re7 62. Kf4 Kc5 63. Kg5 Kc4 64. Rf2 Kc3 65. Rh2 b4 66. Rg2
Rd7 67. Re2 c5 68. h5 gxh5 69. Kxh5 c4 70. Re8 Kxc2 71. Re4 Kd3 72. Re5 c3 73.
Kg4 c2 74. Rc5 b3 75. Kh5 b2 76. Kh4 b1=Q 77. g4 Qh1+ 78. Kg3 Rf7 79. Rf5 c1=Q
80. Rd5+ Qxd5 81. Kh3 Qh6+ 82. Kg3 Qf3# 0-1

[Event "AUTO-ELITE-1992"]
[Site "http://www.queenalice.com/game.php?id=1530861"]
[Date "2018.6.12"]
[Round "1"]
[White "netus"]
[Black "hepre"]
[Result "0-1"]
[WhiteElo "2313"]
[BlackElo "2235"]

1. e3 g6 2. c4 Bg7 3. Nc3 Nf6 4. d4 O-O 5. e4 d6 6. Nf3 Nbd7 7. Bg5 c5 8. d5 Ng4
9. Qb3 f5 10. exf5 Nde5 11. Be2 Bxf5 12. Nxe5 Nxe5 13. O-O h6 14. Bh4 g5 15. Bg3
Qb6 16. Qxb6 axb6 17. Rfd1 Ng6 18. Rd2 Nf4 19. Bxf4 gxf4 20. Bh5 Kh8 21. Bf3 Be5
22. Re1 Rg8 23. Kh1 Kg7 24. Be4 Bd7 25. Bf3 Kf6 26. Kg1 Bc8 27. Ne4+ Kg7 28. Nc3
Kf6 29. Ne4+ Kg7 30. Nc3 Kf6 31. Nb5 Rxa2 32. Be4 Bd7 33. Rb1 Rga8 34. g3 Bxb5
35. cxb5 R8a4 36. gxf4 Bxf4 37. Re2 Be5 38. Kg2 Bxb2 39. Re3 Bd4 40. Rf3+ Ke5
41. Re1 Rxf2+ 42. Kg3 Rxf3+ 43. Bxf3+ Kf6 44. Re6+ Kf7 45. Rxh6 Ra2 46. Be4 c4
47. Rh7+ Kf8 48. Rh5 c3 49. Rf5+ Kg7 50. Rg5+ Kh6 51. Rg6+ Kh5 52. h4 c2 53.
Rg5+ Kh6 54. Kg4 c1=Q 55. Rh5+ Kg7 56. Rg5+ Kf7 57. Bf3 Bf6 58. Be4 Ra4 59. Rf5
Rxe4+ 60. Kf3 Qe3+ 61. Kg2 Rg4+ 62. Kh2 Qg1+ 63. Kh3 Rxh4# 0-1

[Event "AUTO-ELITE-2118"]
[Site "http://www.queenalice.com/game.php?id=1571156"]
[Date "2019.5.16"]
[Round "1"]
[White "serinha"]
[Black "netus"]
[Result "1-0"]
[WhiteElo "2560"]
[BlackElo "2304"]

1. Nh3 d5 2. g3 Nf6 3. d3 Nc6 4. Nd2 e5 5. Bg2 Be7 6. c3 Bg4 7. f3 Bd7 8. Nf2
Be6 9. O-O O-O 10. e3 Qc8 11. Re1 a6 12. b3 Qd7 13. Bb2 Rfd8 14. d4 Re8 15. Nf1
exd4 16. exd4 Kh8 17. Ne3 g6 18. f4 a5 19. Qf3 a4 20. g4 a3 21. Bc1 Bd6 22. Rf1
1-0

[Event "AUTO-ELITE-2118"]
[Site "http://www.queenalice.com/game.php?id=1571157"]
[Date "2019.5.16"]
[Round "1"]
[White "netus"]
[Black "serinha"]
[Result "0-1"]
[WhiteElo "2309"]
[BlackElo "2557"]

1. e4 g6 2. d4 Bg7 3. Nc3 d6 4. Nf3 a6 5. a4 b6 6. Bc4 e6 7. O-O Ne7 8. Re1 O-O
9. Be3 h6 10. h4 Nd7 11. h5 g5 12. Qd3 Bb7 13. d5 e5 14. Ne2 f5 15. Nc3 f4 16.
Bd2 g4 17. Nh2 Nf6 18. Na2 Bc8 19. Nb4 a5 20. Nc6 Nxc6 21. dxc6+ Kh8 22. Ra2 Nh7
0-1

[Event "AUTO-ELITE-2168"]
[Site "http://www.queenalice.com/game.php?id=1588367"]
[Date "2019.10.30"]
[Round "1"]
[White "netus"]
[Black "prego"]
[Result "0-1"]
[WhiteElo "2273"]
[BlackElo "2555"]

1. e4 Nf6 2. f3 e5 3. c3 d5 4. exd5 Nxd5 5. Bb5+ c6 6. Bc4 Qh4+ 7. g3 Qxc4 8. d3
Qa6 9. c4 Nb4 10. h3 Bf5 11. Ne2 Nxd3+ 12. Kf1 Qb6 13. Bg5 Qf2# 0-1

[Event "AUTO-ELITE-2243"]
[Site "http://www.queenalice.com/game.php?id=1616734"]
[Date "2020.6.14"]
[Round "1"]
[White "prego"]
[Black "netus"]
[Result "1-0"]
[WhiteElo "2585"]
[BlackElo "2269"]

1. e4 c5 2. c4 Nc6 3. Nc3 g6 4. g3 Bg7 5. Bg2 d6 6. d3 e6 7. Nge2 Nge7 8. O-O
O-O 9. Qb3 Na5 10. Qa3 Nec6 11. Bd2 a6 12. Nf4 Bd7 13. Rfd1 b5 14. cxb5 axb5 15.
Nxb5 Qb8 16. Nc3 Nd4 17. b3 Naxb3 18. Qxa8 Qxa8 19. axb3 Qb7 20. Rdb1 Be5 21.
Ra2 Ra8 22. Rxa8+ Qxa8 23. b4 cxb4 24. Rxb4 Qa3 25. Rb7 Bxf4 26. Rb8+ Be8 27.
Rxe8+ Kg7 28. Bxf4 Qc1+ 29. Bxc1 g5 30. Bxg5 h6 31. Be7 h5 32. Bxd6 Nc6 33. Ne2
f6 34. Nf4 e5 35. Nxh5+ Kg6 36. Bf3 Kg5 37. Rg8+ Kh6 38. Bf8+ Kh7 39. Nxf6# 1-0

[Event "AUTO-ELITE-2243"]
[Site "http://www.queenalice.com/game.php?id=1616735"]
[Date "2020.6.14"]
[Round "1"]
[White "netus"]
[Black "prego"]
[Result "0-1"]
[WhiteElo "2266"]
[BlackElo "2587"]

1. e4 e5 2. Nf3 Nc6 3. c3 Nf6 4. d4 Nxe4 5. d5 Bc5 6. dxc6 Nxf2 7. Qd5 Nxh1 8.
Qxc5 e4 9. Ng5 Qe7 10. Qxe7+ Kxe7 11. g3 bxc6 12. Bg2 d5 13. Bxh1 h6 14. Nxe4
dxe4 15. Bxe4 Rb8 16. b3 Rb5 17. Bxc6 Re5+ 18. Kf2 Bg4 19. Nd2 Re2+ 20. Kg1 Re1+
21. Nf1 Ke6 22. Bb2 Rxa1 23. Bxa1 Kd6 24. a4 Kxc6 25. Ne3 Rd8 26. Nc4 Rd1+ 27.
Kf2 Be6 28. Kg2 Bxc4 29. bxc4 Rxa1 30. Kh3 Rxa4 31. Kg2 Rxc4 32. Kf3 a5 33. Ke3
Rxc3+ 34. Ke4 a4 35. Kf5 a3 36. Ke5 a2 37. Kd4 a1=Q 38. Ke4 Qa4+ 39. Kf5 Rc5#
0-1

[Event "AUTO-ELITE-2243"]
[Site "http://www.queenalice.com/game.php?id=1616743"]
[Date "2020.6.14"]
[Round "1"]
[White "tercer"]
[Black "netus"]
[Result "0-1"]
[WhiteElo "2234"]
[BlackElo "2264"]

1. e4 c5 2. Nc3 Nc6 3. Nce2 Nf6 4. Nc3 d5 5. exd5 Nxd5 6. Nf3 g6 7. Bc4 Nxc3 8.
bxc3 Bg7 9. O-O O-O 10. Rb1 Bf6 11. d3 Bxc3 12. Bh6 Bg7 13. Bxg7 Kxg7 14. Qd2
Qd6 15. Rfe1 b6 16. Qe3 Bf5 17. a3 f6 18. Nd2 Rad8 19. h3 e5 20. g4 Bd7 21. Ne4
Qe7 22. Rb2 f5 23. gxf5 Rxf5 24. Ng3 Rf4 25. Bd5 Re8 26. c3 Ra4 27. Ne4 Rxa3 28.
Qc1 Ra5 29. Ng5 Nd8 30. Rbe2 Qd6 31. Bc4 h6 32. Nf3 Nc6 33. Nd2 Bxh3 34. Re3 Bf5
35. Ne4 Bxe4 36. dxe4 b5 37. Rh3 h5 38. Bd5 Qd7 39. Rg3 h4 40. Rg2 Ne7 41. Qg5
Qd6 42. Rg4 Nxd5 43. exd5 h3 44. Rh4 Qxd5 45. Qh6+ Kf6 46. Rxh3 Rg8 47. Qh4+ Kf7
48. Qh7+ Rg7 49. Qh8 Ra4 50. Qc8 Rg8 51. Qc7+ Ke6 52. Rh7 Rg4+ 53. Kf1 Qg2+ 54.
Ke2 Re4+ 55. Kd1 Qf3+ 56. Kc1 Qxc3+ 57. Kb1 Rxe1+ 58. Ka2 Ra1# 0-1